00902 2200301 4500001002100000005001500021035002000036007000300056008004100059020002200100082001600122084001800138100002300156245005900179250003500238300005600273650003100329264003200360336002100392337003000413338002300443040002200466090002200488850001200510504003400522999002200556990002200578INLIS00000000086003820210520100210 a0010-0521000619ta210520s2020 yoia g ind d a978-623-02-0532-304223a333.714 a333.714 IND a0 aIndasahePengarang10aAnalisis mengenai dampak lingkungan (amdal) /cIndasah aCetakan pertama : Januari 2020 axi, 288 halaman :btabel, bagan, ilustrasi ;c25 cm 4aAnalisis dampak lingkungan31aSleman :bDeepublish,c2020 2rdacontentateks 2rdamediaatanpa perantara 2rdacarrieravolume aYOPDYOGbinderda aCB-D.11 2020-2696 aYOPDYOG aBibliografi : halaman 281-288 aCB-D.11/2020-2696 aCB-D.11/2020-2696